No more homework! no more tests! : (Record no. 110345)
[ view plain ]
| 000 -LEADER | |
|---|---|
| fixed length control field | 00330nam a2200121 a 4500 |
| 001 - CONTROL NUMBER | |
| control field | 4140 |
| 005 - DATE AND TIME OF LATEST TRANSACTION | |
| control field | 20140414131854.0 |
| 008 - FIXED-LENGTH DATA ELEMENTS--GENERAL INFORMATION | |
| fixed length control field | 090218s19uu xx 00 eng d |
| 050 ## - LIBRARY OF CONGRESS CALL NUMBER | |
| Classification number | M 811.008 |
| Item number | L11 1997 |
| 100 ## - MAIN ENTRY--PERSONAL NAME | |
| Personal name | Lansky, Bruce |
| 245 ## - TITLE STATEMENT | |
| Title | No more homework! no more tests! : |
| Remainder of title | kids favorite funny school poems. |
| Withdrawn status | Lost status | Damaged status | Home library | Current library | Shelving location | Date acquired | Total Checkouts | Full call number | Barcode | Date last seen | Price effective from | Koha item type |
|---|---|---|---|---|---|---|---|---|---|---|---|---|
| Munich Library | Munich Library | Main Section | 02/18/2009 | M 811.008 L11 1997 | M0729 | 04/14/2014 | 04/14/2014 | Books |